00848cam a2200181Ki 450008200170000010000260001724501740004326000610021730000450027850000200032352600370034365000130038085600630039385600640045694200120052099900190053295201150055104a943.243bBIS1 aBusch, Moritz,95048910aBismarck ; some secret pages of his historycbeing a diary kept by Dr. Moritz Busch during twenty-five years' official and private intercourse with the great Chancellor. aLondon :bMacmillan ;aNew York :bMacmillan Co.,c1898. a1 online resource (3 v.) :bill., ports. aIncludes index. a0b0c0d943_243000000000000_BIS aMCE937940uhttp://catalog.hathitrust.org/api/volumes/oclc/681809.html40uhttp://catalog.hathitrust.org/api/volumes/oclc/7856412.html 2ddccBK c553286d553286 00102ddc4070aMCEbMCEcArchive Sectiond2015-02-03l0o943.243 BISpMCE-ECB/54r2015-02-03w2015-02-03yBK